000 01039nam a2200217Ia 4500
003 Ost
005 20260507075053.0
008 260507s9999||||xx |||||||||||||| ||und||
020 _a9957402996
040 _cfsecg
041 _aara
082 _a657.835
100 _aسرايا، محمد السيد
_eمؤلف
245 0 _aحلول أسئلة وتمارين كتاب المحاسبة في الوحدات الحكومية والحسابات القومية /
_c محمد السيد سرايا
260 _aالاسكندرية:
_bالدار الجامعية,
_c1998
300 _a89 صفحة؛
_bإيضاحات ؛
_c24 سم
520 _aحلول تمارينات وأسئلة: أسس ومقومات الرقابة الداخلية في الوحدات الحكومية، مستويات التبويب النوعي، القيود في دفاتر الوحدة، قيود أقفال الحسابات الرئيسية
653 _aالمحاسبة الحكومية
653 _aالمحاسبة القومية
942 _cكتاب
999 _c42694
_d42694